Quickpick: Southeastern Conference (SEC) Quiz Stats

 Plays Quiz not verified by Sporcle

Challenge
Share
Tweet
Embed
Score 0/14 Timer 01:00
0 Plays Today
% Correct
Crimson Tide
91.5%
Gators
90.1%
Tigers
89.2%
Tigers
89.2%
Tigers
88.8%
Razorbacks
88.8%
Aggies
88.6%
% Correct
Wildcats
88.2%
Volunteers
87.4%
Bulldogs
87.4%
Gamecocks
87%
Commodores
86.4%
Bulldogs
86.2%
Rebels
84%

You're not logged in!

Compare scores with friends on all Sporcle quizzes.
OR
Log In

You Might Also Like...

Show Comments

Extras

Top Quizzes Today


Score Distribution

Your Account Isn't Verified!

In order to create a playlist on Sporcle, you need to verify the email address you used during registration. Go to your Sporcle Settings to finish the process.

Report this User

Report this user for behavior that violates our Community Guidelines.

Details: